| 000 | 01275nam0a22003131 4500 | ||
|---|---|---|---|
| 001 | rc\3634550 | ||
| 005 | 20130115145051.5 | ||
| 021 |
_aRU _b71-81478 |
||
| 021 |
_aRU _bРг650-72 |
||
| 035 | _a(NLR Aleph) 007725304 | ||
| 090 |
_a6996209 _c6996209 |
||
| 100 | _a20130115d1971 |||y0rusy50 ca | ||
| 101 | 0 | _arus | |
| 102 | _aRU | ||
| 105 | _aa z ||||| | ||
| 200 | 1 |
_aМетодическая рекомендация по определению вязкости разрушения металлических материалов при статическом и циклическом нагружениях _fИн-т металлургии им. А.А. Байкова АН СССР. Всесоюз. ин-т легких сплавов |
|
| 210 |
_aМосква _cБ. и. _d1971 |
||
| 215 |
_a45 с. _cил. _d20 |
||
| 300 | _aПеред загл. авт.: Иванова В.С., Кудряшов В.Г., Дерягин Г.А. и Штовба Ю.К. | ||
| 320 | _aБиблиогр.: с. 45 | ||
| 701 | 1 |
_aКудряшов _bВ. Г. |
|
| 701 | 1 |
_aДерягин _bГ. А. |
|
| 701 | 1 |
_aШтовба _bЮ. К. |
|
| 701 | 1 |
_aИванова _bВ. С. |
|
| 801 | 0 |
_aRU _bNLR _gpsbo |
|
| 801 | 1 |
_aRU _bELAR _2rusmarc |
|
| 852 |
_aNLR _j71-4/22999 |
||
| 942 | _cBOOK | ||
| 980 | _aNB | ||